02516nam a2200277 a 4500003000400000005001700004008002400021020001800045040002500063082002100088100002800109245015800137246003100295260004700326300002200373490002500395500007500420500003300495505027300528520113400801600006501935600006702000600007302067650007302140830002502213OSt20210601152858.0190513s2017 dr spa d a9789945581850 aDO-SdBNPbspacBNPHU 4222a860.9bV162q aVarela, Tanya V.d1973- 3aEl quiebre de los Dogmas :bdebate feminista, transgresión y duelo en textos de Gioconda Belli, Diamela Eltit y Cristina Peri Rossi /cTanya V. Valera.13aEl quiebre de los Dogmas  aSan Juan, Puerto Rico:bIsla Negra,c2017. a242 p. ;c23 cm. 1 aVisiones y cegueras  aIncluye datos biográficos del la autora en la solapa de la cubierta  aBibliografía : p. 234-242  a Del Debate feminista de los ochenta al posfeminismo del nuevo milenio en Latinoamérica -- La mujer habitada -- Por la patria -- La nave de los locos -- Las ochentistas frente al nuevo milenio: rutas divergentes hacia el posfeminismo -- El duelo ante las trizas. a Este libro examina obras escogidas de estas renombradas escritoras con el objetivo de identificar los diferentes niveles de resistencia que emergen de sus textos frente a los discursos autoritarios y dogmáticos que prevalecen en Latinoamérica durante la década del ochenta, incluyendo el discurso feminista. A través de un análisis comparativo, se discute en qué medida estas novelistas problematizan tanto el dogmatismo ideológico como los residuos esencialistas que exhibe el feminismo latinoamericano de la década del ochenta, y proponen posibilidades alternativas de representación de género mediante búsqueda estéticas innovadoras. Las ensayistas argumentan que mediante el "quiebre" ideológico y estético, estas autoras intentan, con mayor o menor éxito, subvertir y desmantelar tajantemente nociones tales como "patriarcado", "femineidad", "maternidad" y "familia", liberando a sus respectivos textos e pesadas cargas categoriales y manteniendo la ambigüedad necesaria para que estos conceptos políticamente irresueltos continúen produciéndose y modificándose en constante fluidez.14aBelli, Giocondad1948- xLa crítica y la interpretación.14aEltit, Diamela, d1949- xLa crítica y la interpretación.14a Peri Rossi, Cristina,d1941- xLa crítica y la interpretación. aLiteratura hispanoamericanaxmujeres autoras xHistoria y crítica. aVisiones y cegueras